000 00848nam a2200217 a 4500
003 0
005 20250621113234.0
008 021022s19uu xx 00 eng d
050 _aPGS HQ 784.M3
_b.Y68 1998
100 _aYoung, Fiona Anne DJ
245 _aThe effects of money to the grade 6 students of Southville International School /
_cFiona Anne DJ Young.
260 _aLas PiƱas City, Philippines :
_bSouthville International School and Colleges,
_c1998.
300 _a26 pages :
_billustrations ;
_c28 cm.
504 _aIncludes bibliographical references.
650 _aChildren
_vEconomic conditions.
650 _aMoney
_vPsychological aspects.
650 _aFinancial literacy
_vStudy and teaching (Elementary).
650 _aElementary school students
_vAttitudes.
650 _aConsumer behavior
_vYouth.
942 _2lcc
_cPASS
999 _c96122
_d96122